000 00796nas a2200253 4500
001 BR8708297
003 BR-BrBNA
005 20231205091006.0
007 ta
008 230509b bl.|||p| |||| 00| 00por d
040 _aBR-BrBNA
_bpor
_cBiblioteca Nacional de Agricultura
041 _a(Pt)
072 _aQ52
100 1 _aGarcia, S.
100 1 _aMartins, J.F.P.
245 1 _aUtilizacao do soro de leite na ensilagem de batata-doce
246 1 _aUtilization of milk whey for sweet potato ensilage
650 _aBATATA DOCE
650 _aSORO DE LEITE
650 _aSILAGEM
773 0 _tRevista do Instituto de Laticinios Candido Tostes (Brazil)
_xISSN 0100-3674
_g(Jan-Fev 1987), v. 42(249) p. 25-27
_wBR8708297
909 _a202311
_bLúcia
_c55
_dLúcia Elande
942 _2AGRIS
_n0
_cANA
999 _c122077
_d122077